000 00934nam a2200157 a 4500
008 120416s1994 ||||||||||||||||| || u
050 _aTR 330 Pho
245 1 0 _aPhotographic printing and enlarging
246 _aseries editor Sidney F. Ray
260 _aOxford
_bButterworth
_c1994
350 _a0.00
995 _aANNEX COLLECTION (Main Library)
_D0.00
_e731041
_FCBU-MAIN LIBRARY (Kitwe)
_H2
_I5.00
_jTR 330 Pho
_M2
_UAVAILABLE
_y028274
_ZAnnex Low-Usage Collection
995 _aANNEX COLLECTION (Main Library)
_D0.00
_e731039
_FCBU-MAIN LIBRARY (Kitwe)
_H4
_I5.00
_jTR 330 Pho
_M4
_UAVAILABLE
_y028280
_ZAnnex Low-Usage Collection
995 _aANNEX COLLECTION (Main Library)
_D0.00
_e731040
_FCBU-MAIN LIBRARY (Kitwe)
_H1
_I5.00
_jTR 330 Pho
_M1
_UAVAILABLE
_y028275
_ZAnnex Low-Usage Collection
995 _aANNEX COLLECTION (Main Library)
_D0.00
_e731042
_FCBU-MAIN LIBRARY (Kitwe)
_H3
_I5.00
_jTR 330 Pho
_M3
_UAVAILABLE
_y028273
_ZAnnex Low-Usage Collection
999 _c81880
_d81880